[Event "Hampshire Major"]
[Site "Fareham"]
[Date "2022.11.05"]
[Round "3"]
[White "Sellen, John R"]
[Black "Pinto, Phil"]
[Result "0-1"]
[WhiteElo "1583"]
[BlackElo "1721"]
[PlyCount "100"]
[EventDate "2022.11.04"]
[EventType "swiss"]
[EventRounds "6"]
[EventCountry "ENG"]
[SourceVersionDate "2022.12.05"]

1. f4 Nf6 2. Nf3 d5 3. e3 g6 4. d4 Bg7 5. Bd3 c5 6. c3 cxd4 7. exd4 Nc6 8. O-O
Bf5 9. Bb5 O-O 10. Ne5 Qb6 11. Bd3 Bxd3 12. Qxd3 Nxe5 13. fxe5 Ne4 14. e6 Qxe6
15. Nd2 Nxd2 16. Bxd2 Qd7 17. Rae1 Rae8 18. Rf3 e5 19. dxe5 Rxe5 20. Rxe5 Bxe5
21. Bf4 Bxf4 22. Rxf4 Re8 23. Kf1 Qe6 24. Qd2 Qe3 25. Qxe3 Rxe3 26. Rd4 Re5 27.
c4 Re4 28. Rxd5 Rxc4 29. Rd2 Kf8 30. Ke2 h5 31. Kf3 Ke7 32. Re2+ Kf6 33. Rd2
Rc6 34. Ke4 Ke6 35. Re2 f5+ 36. Kf4+ Kf6 37. Rf2 g5+ 38. Ke3 f4+ 39. Kd3 Kf5
40. g3 Re6 41. gxf4 gxf4 42. Rc2 Re7 43. Rf2 Re3+ 44. Kd2 h4 45. Kd1 h3 46. Rc2
Kg4 47. Rf2 Rg3 48. Rf1 Rg2 49. Rh1 Rxb2 50. Kc1 Rxa2 0-1

[Event "Hampshire Major"]
[Site "Fareham"]
[Date "2022.11.05"]
[Round "4"]
[White "Baron, Patrik"]
[Black "Arnold, Simon"]
[Result "1-0"]
[WhiteElo "1750"]
[BlackElo "1867"]
[PlyCount "109"]
[EventDate "2022.11.04"]
[EventType "swiss"]
[EventRounds "6"]
[EventCountry "ENG"]
[SourceVersionDate "2022.12.05"]

1. e4 e5 2. Nf3 Nc6 3. Bc4 Nf6 4. d4 exd4 5. e5 d5 6. Bb5 Ne4 7. Nxd4 Bc5 8.
Be3 Bd7 9. Bxc6 bxc6 10. O-O O-O 11. Nd2 Nxd2 12. Qxd2 Bb6 13. Bg5 Qe8 14. Rfe1
c5 15. Bf6 h6 16. Re3 Kh7 17. Qd3+ g6 18. Nf3 c6 19. Ng5+ Kg8 20. Qd2 Bd8 21.
Rf3 Bxf6 22. exf6 Qe5 23. Ne4 Kh7 24. Nxc5 Bg4 25. Nd3 Qg5 26. Qxg5 hxg5 27.
Rg3 Bf5 28. Rxg5 Bxd3 29. cxd3 Rfe8 30. Kf1 Re6 31. Re1 Rae8 32. Rxe6 Rxe6 33.
Rg4 c5 34. Ra4 a6 35. Ra5 Rc6 36. h4 g5 37. hxg5 Kg6 38. f4 Kf5 39. g3 Kg4 40.
Kf2 d4 41. b3 Re6 42. Rxc5 Re3 43. Rd5 Rxd3 44. Ke2 Rxg3 45. Rxd4 Rg2+ 46. Ke3
Rxa2 47. Rd7 Rb2 48. Rxf7 Rxb3+ 49. Ke4 Rb4+ 50. Ke5 Rb1 51. Rd7 Re1+ 52. Kd6
Kf5 53. f7 Rd1+ 54. Ke7 Re1+ 55. Kd8 1-0

[Event "Hampshire Major"]
[Site "Fareham"]
[Date "2022.11.05"]
[Round "4"]
[White "Schumacher, James"]
[Black "Collyer, David"]
[Result "0-1"]
[WhiteElo "1742"]
[BlackElo "1692"]
[PlyCount "92"]
[EventDate "2022.11.04"]
[EventType "swiss"]
[EventRounds "6"]
[EventCountry "ENG"]
[SourceVersionDate "2022.12.05"]

1. e4 c5 2. Nf3 d6 3. c3 Nf6 4. Be2 Nc6 5. d4 cxd4 6. cxd4 Nxe4 7. d5 Qa5+ 8.
Nc3 Nxc3 9. bxc3 Ne5 10. Nxe5 Qxc3+ 11. Bd2 Qxe5 12. O-O Qxd5 13. Rb1 g6 14.
Bf3 Qf5 15. Rxb7 Bxb7 16. Bxb7 Rc8 17. Qa4+ Qd7 18. Qxa7 Bg7 19. Qa6 O-O 20.
Bxc8 Qxc8 21. Qd3 Qa8 22. a3 d5 23. Bb4 Re8 24. f4 Qa7+ 25. Kh1 e6 26. Rd1 Ra8
27. h3 d4 28. Rc1 h5 29. Bc5 Qd7 30. Bb4 Bh6 31. Qe4 Rd8 32. Kg1 Qa4 33. Qe5
Bg7 34. Qc7 Rd7 35. Qc8+ Kh7 36. Qe8 d3 37. Bd2 Qd4+ 38. Kf1 Qe4 39. Re1 Qb7
40. a4 Bh6 41. Rc1 Rc7 42. Qb5 Rxc1+ 43. Bxc1 Qe4 44. Qb2 Bxf4 45. Bxf4 Qxf4+
46. Qf2 Qc1+ 0-1

[Event "Hampshire Major"]
[Site "Fareham"]
[Date "2022.11.05"]
[Round "4"]
[White "Appleby, Stephen"]
[Black "Jones, Eric"]
[Result "1/2-1/2"]
[WhiteElo "1885"]
[BlackElo "1703"]
[PlyCount "31"]
[EventDate "2022.11.04"]
[EventType "swiss"]
[EventRounds "6"]
[EventCountry "ENG"]
[SourceVersionDate "2022.12.05"]

1. d4 Nf6 2. Nf3 g6 3. g3 Bg7 4. c4 O-O 5. Bg2 d6 6. O-O Bg4 7. Nc3 c6 8. h3
Bxf3 9. exf3 e5 10. dxe5 dxe5 11. Qxd8 Rxd8 12. f4 Nbd7 13. Be3 exf4 14. Bxf4
Nc5 15. Be3 Ne6 16. Rad1 1/2-1/2

[Event "Hampshire Major"]
[Site "Fareham"]
[Date "2022.11.05"]
[Round "4"]
[White "Morrison, Joseph"]
[Black "Deacon, Matthew"]
[Result "1-0"]
[WhiteElo "1656"]
[BlackElo "1717"]
[PlyCount "69"]
[EventDate "2022.11.04"]
[EventType "swiss"]
[EventRounds "6"]
[EventCountry "ENG"]
[SourceVersionDate "2022.12.05"]

1. c4 c5 2. Nc3 Nc6 3. g3 g6 4. Bg2 Bg7 5. e3 e5 6. Nge2 Nge7 7. O-O O-O 8. d3
d6 9. a3 a5 10. Nd5 Nxd5 11. cxd5 Ne7 12. e4 b5 13. Bd2 Bd7 14. Qc2 Qb6 15. Kh1
f5 16. f4 b4 17. axb4 cxb4 18. fxe5 Bxe5 19. Rac1 Bb5 20. Bf4 fxe4 21. dxe4
Rac8 22. Qd2 Bxf4 23. Rxf4 Bxe2 24. Rxc8 Rxc8 25. Qxe2 Rc1+ 26. Rf1 Qc5 27. Bh3
a4 28. Be6+ Kg7 29. Qf3 Rxf1+ 30. Qxf1 a3 31. Qf7+ Kh6 32. Qf8+ Kh5 33. Bg4+
Kxg4 34. Qf4+ Kh5 35. Qh4# 1-0

[Event "Hampshire Major"]
[Site "Fareham"]
[Date "2022.11.05"]
[Round "4"]
[White "Syed, Ashraf"]
[Black "Westcott, Dale"]
[Result "0-1"]
[WhiteElo "1714"]
[BlackElo "1635"]
[PlyCount "48"]
[EventDate "2022.11.04"]
[EventType "swiss"]
[EventRounds "6"]
[EventCountry "ENG"]
[SourceVersionDate "2022.12.05"]

1. d4 d5 2. Bf4 Nf6 3. e3 Bf5 4. c4 e6 5. Qb3 Qc8 6. Nc3 Bd6 7. Bg3 O-O 8. Nf3
dxc4 9. Bxc4 Nc6 10. Be2 a5 11. e4 Nxe4 12. O-O Nxg3 13. hxg3 a4 14. Qd1 Rd8
15. Nh4 e5 16. Nxf5 Qxf5 17. Bd3 Qf6 18. Ne4 Qh6 19. Rc1 Nxd4 20. Nd2 c6 21.
Nf3 e4 22. Bxe4 Qxc1 23. Qxd4 Qh6 24. Rd1 Be7 0-1

[Event "Hampshire Major"]
[Site "Fareham"]
[Date "2022.11.05"]
[Round "4"]
[White "Wicken, Jack"]
[Black "Archer Lock, Helen"]
[Result "1-0"]
[WhiteElo "1684"]
[BlackElo "1595"]
[PlyCount "69"]
[EventDate "2022.11.04"]
[EventType "swiss"]
[EventRounds "6"]
[EventCountry "ENG"]
[SourceVersionDate "2022.12.05"]

1. e4 e6 2. d4 d5 3. Nc3 Bb4 4. e5 c5 5. a3 Bxc3+ 6. bxc3 Qc7 7. Nf3 Nc6 8. Bd3
cxd4 9. cxd4 Nxd4 10. Nxd4 Qc3+ 11. Qd2 Qxa1 12. c3 Bd7 13. Nb3 Qxc1+ 14. Qxc1
Rc8 15. Nd4 a6 16. Qb2 Ne7 17. O-O b5 18. f4 O-O 19. h4 f6 20. Qb4 Ng6 21. Bxg6
hxg6 22. Qd6 Rf7 23. Qxa6 Rxc3 24. Nxb5 Rc6 25. Qb7 Be8 26. Qa8 Rf8 27. Nd6 Bd7
28. Qb7 Rd8 29. Rb1 Rc2 30. Qb6 Rf8 31. Qa7 Bc6 32. Rb8 Rxb8 33. Qxb8+ Kh7 34.
Nf7 g5 35. h5 1-0

[Event "Hampshire Major"]
[Site "Fareham"]
[Date "2022.11.05"]
[Round "4"]
[White "Ferreira, Erico"]
[Black "Sharples, Harry"]
[Result "1-0"]
[WhiteElo "1592"]
[BlackElo "1794"]
[PlyCount "91"]
[EventDate "2022.11.04"]
[EventType "swiss"]
[EventRounds "6"]
[EventCountry "ENG"]
[SourceVersionDate "2022.12.05"]

1. b3 d5 2. Bb2 c5 3. Nf3 Nc6 4. e3 Bg4 5. Bb5 a6 6. Bxc6+ bxc6 7. c4 e6 8. h3
Bh5 9. d3 Nf6 10. Nbd2 Bd6 11. e4 Bc7 12. g4 Bg6 13. Qe2 d4 14. Ba3 Nd7 15. O-O
h5 16. g5 h4 17. e5 Qb8 18. Rfe1 Ba5 19. Ne4 Bxe1 20. Rxe1 Qb6 21. Nd6+ Kf8 22.
Rd1 Rd8 23. Nxd4 Bh5 24. f3 Kg8 25. Nc2 Qc7 26. Bb2 Nf8 27. Ne4 Ng6 28. Nxc5
Qe7 29. Qe3 Qa7 30. d4 Ne7 31. Qf2 Nf5 32. Ne4 Qe7 33. Ba3 Qc7 34. Bc5 Ne7 35.
Ne3 Bg6 36. Bd6 Qa7 37. Bc5 Qd7 38. Ng4 Rh5 39. Nef6+ gxf6 40. Nxf6+ Kg7 41.
Nxd7 Rxg5+ 42. Kf1 Rxd7 43. Qxh4 f6 44. Bxe7 Rxe7 45. exf6+ Kxf6 46. f4 1-0

[Event "Hampshire Major"]
[Site "Fareham"]
[Date "2022.11.05"]
[Round "4"]
[White "Jackson, Lewis"]
[Black "Belinger, John"]
[Result "1-0"]
[WhiteElo "1435"]
[BlackElo "1668"]
[PlyCount "49"]
[EventDate "2022.11.04"]
[EventType "swiss"]
[EventRounds "6"]
[EventCountry "ENG"]
[SourceVersionDate "2022.12.05"]

1. e4 c5 2. a3 Nc6 3. b4 d5 4. b5 Ne5 5. exd5 Qxd5 6. Nc3 Qd8 7. Nf3 Nxf3+ 8.
Qxf3 Nf6 9. Bc4 e6 10. Bb2 Be7 11. g4 O-O 12. g5 Nd7 13. Ne4 Rb8 14. Qc3 e5 15.
f4 b6 16. fxe5 Bxg5 17. O-O-O Bb7 18. e6 Bf6 19. Nxf6+ Nxf6 20. exf7+ Kh8 21.
Rhf1 h6 22. Rxf6 Qxf6 23. Qxf6 gxf6 24. Bxf6+ Kh7 25. Bd3+ 1-0

[Event "Hampshire Major"]
[Site "Fareham"]
[Date "2022.11.05"]
[Round "4"]
[White "Ramaraju, Siddarth"]
[Black "Horlock, Peter"]
[Result "0-1"]
[WhiteElo "1553"]
[BlackElo "1677"]
[PlyCount "71"]
[EventDate "2022.11.04"]
[EventType "swiss"]
[EventRounds "6"]
[EventCountry "ENG"]
[SourceVersionDate "2022.12.05"]

1. e4 e5 2. Nc3 Nf6 3. Bc4 d6 4. d3 Be7 5. Be3 Nc6 6. Nf3 h6 7. h3 Na5 8. Bb3
Nxb3 9. axb3 a6 10. Nd5 Nxd5 11. exd5 c6 12. dxc6 bxc6 13. Qd2 Bf6 14. c4 O-O
15. O-O Be6 16. Ra5 c5 17. Rfa1 Bc8 18. Qc2 Bb7 19. Nd2 Qd7 20. Ne4 Bd8 21.
R5a3 f5 22. Nc3 f4 23. Bd2 f3 24. Ne4 fxg2 25. Kxg2 Qf5 26. Be3 Qf3+ 27. Kf1
Qxe3 28. Qe2 Qxh3+ 29. Ke1 Bh4 30. Kd2 Bxe4 31. Qxe4 Bxf2 32. Rh1 Be3+ 33. Ke2
Rf2+ 34. Ke1 Qf3 35. Qxf3 Rxf3 36. Ke2 0-1

[Event "Hampshire Major"]
[Site "Fareham"]
[Date "2022.11.05"]
[Round "4"]
[White "Stout, Nick"]
[Black "Moore, Gillian A"]
[Result "1/2-1/2"]
[WhiteElo "1735"]
[BlackElo "1678"]
[PlyCount "77"]
[EventDate "2022.11.04"]
[EventType "swiss"]
[EventRounds "6"]
[EventCountry "ENG"]
[SourceVersionDate "2022.12.05"]

1. d4 d5 2. e3 Nf6 3. Bd3 Nc6 4. Nf3 Bg4 5. Nbd2 e5 6. Be2 e4 7. Ne5 Bxe2 8.
Qxe2 Nxe5 9. dxe5 Nd7 10. f4 exf3 11. Nxf3 c6 12. O-O Qc7 13. e6 fxe6 14. Ng5
g6 15. Nxe6 Qd6 16. Ng5 Ne5 17. Bd2 h6 18. Nf3 Bg7 19. Bc3 O-O 20. Nh4 Kh7 21.
Rad1 Bf6 22. Bxe5 Qxe5 23. Nf3 Qe7 24. c3 Rae8 25. Rde1 Kg7 26. Qd3 Qc5 27. Nd4
Qd6 28. e4 Be5 29. Rxf8 Rxf8 30. Nf3 Qc5+ 31. Kh1 dxe4 32. Qxe4 Bd6 33. Nd4 Qh5
34. h3 Rf7 35. Ne6+ Kg8 36. Qd4 Qd5 37. Qxd5 cxd5 38. Nd4 a6 39. Kg1 1/2-1/2

[Event "Hampshire Major"]
[Site "Fareham"]
[Date "2022.11.05"]
[Round "4"]
[White "Maul, Philip"]
[Black "Anderson, Tom"]
[Result "1/2-1/2"]
[WhiteElo "1686"]
[BlackElo "1757"]
[PlyCount "31"]
[EventDate "2022.11.04"]
[EventType "swiss"]
[EventRounds "6"]
[EventCountry "ENG"]
[SourceVersionDate "2022.12.05"]

1. e4 e5 2. Nf3 Nc6 3. Nc3 Nf6 4. d4 exd4 5. Nd5 Be7 6. Bc4 O-O 7. O-O d6 8.
Nxd4 Nxd5 9. Nxc6 bxc6 10. exd5 Bb7 11. Be3 Bf6 12. c3 Re8 13. Qb3 cxd5 14.
Bxd5 Bxd5 15. Qxd5 a5 16. Rad1 1/2-1/2

[Event "Hampshire Major"]
[Site "Fareham"]
[Date "2022.11.06"]
[Round "5"]
[White "Collyer, David"]
[Black "Baron, Patrik"]
[Result "1/2-1/2"]
[WhiteElo "1692"]
[BlackElo "1750"]
[PlyCount "50"]
[EventDate "2022.11.04"]
[EventType "swiss"]
[EventRounds "6"]
[EventCountry "ENG"]
[SourceVersionDate "2022.12.05"]

1. e4 c6 2. d4 d5 3. e5 Bf5 4. Bd3 Bxd3 5. Qxd3 e6 6. f4 c5 7. c3 Nc6 8. Nf3
Nh6 9. a3 Nf5 10. g4 Nh4 11. dxc5 Bxc5 12. b4 Bb6 13. Nxh4 Qxh4+ 14. Qg3 Qxg3+
15. hxg3 a5 16. b5 Ne7 17. a4 Rc8 18. Bb2 O-O 19. Nd2 Rfd8 20. Rc1 Be3 21. Rc2
Bxd2+ 22. Rxd2 h6 23. Ke2 Rc4 24. Rd4 Rdc8 25. Rhd1 R8c7 1/2-1/2

[Event "Hampshire Major"]
[Site "Fareham"]
[Date "2022.11.06"]
[Round "5"]
[White "Maul, Philip"]
[Black "Bradley, William"]
[Result "1/2-1/2"]
[WhiteElo "1686"]
[BlackElo "1827"]
[PlyCount "46"]
[EventDate "2022.11.04"]
[EventType "swiss"]
[EventRounds "6"]
[EventCountry "ENG"]
[SourceVersionDate "2022.12.05"]

1. g3 g6 2. Bg2 Bg7 3. c4 c6 4. e4 d6 5. d4 Na6 6. Nc3 Nc7 7. Be3 Nf6 8. Nf3
Bg4 9. h3 Bxf3 10. Qxf3 O-O 11. O-O Nd7 12. Qe2 e5 13. Rad1 Qe7 14. f4 c5 15.
dxe5 dxe5 16. f5 Rad8 17. g4 f6 18. Nd5 Nxd5 19. Rxd5 b6 20. Rfd1 Nb8 21. Rxd8
Rxd8 22. Rxd8+ Qxd8 23. Qd2 Qxd2 1/2-1/2

[Event "Hampshire Major"]
[Site "Fareham"]
[Date "2022.11.06"]
[Round "5"]
[White "Stuart, Graham B"]
[Black "Agostinelli, David R"]
[Result "0-1"]
[WhiteElo "1767"]
[BlackElo "1761"]
[PlyCount "58"]
[EventDate "2022.11.04"]
[EventType "swiss"]
[EventRounds "6"]
[EventCountry "ENG"]
[SourceVersionDate "2022.12.05"]

1. e4 d6 2. d4 Nf6 3. Nc3 g6 4. Nf3 Bg7 5. Bd3 Bg4 6. h3 Bxf3 7. Qxf3 Nc6 8.
Bb5 O-O 9. Be3 Nb4 10. Ba4 c6 11. a3 Na6 12. O-O Nc7 13. Rad1 Nd7 14. Bb3 e6
15. Ne2 Qf6 16. Qg3 Qe7 17. f4 Nf6 18. Qf3 d5 19. e5 Ne4 20. Ng3 Nxg3 21. Qxg3
f5 22. Qf3 Kh8 23. c3 Rg8 24. Bc2 Bh6 25. Kh2 g5 26. g4 fxg4 27. hxg4 gxf4 28.
Bxf4 Raf8 29. Qg3 Bxf4 0-1

[Event "Hampshire Major"]
[Site "Fareham"]
[Date "2022.11.06"]
[Round "5"]
[White "Westcott, Dale"]
[Black "Appleby, Stephen"]
[Result "1/2-1/2"]
[WhiteElo "1635"]
[BlackElo "1885"]
[PlyCount "30"]
[EventDate "2022.11.04"]
[EventType "swiss"]
[EventRounds "6"]
[EventCountry "ENG"]
[SourceVersionDate "2022.12.05"]

1. d4 Nf6 2. Nc3 d5 3. Bf4 e6 4. e3 Bd6 5. Bg3 b6 6. Nf3 Bxg3 7. hxg3 c6 8. Bd3
Ba6 9. Bxa6 Nxa6 10. Ne5 Qd6 11. a3 Nc7 12. g4 Ke7 13. Qf3 Raf8 14. O-O-O Nd7
15. Nxd7 Kxd7 1/2-1/2

[Event "Hampshire Major"]
[Site "Fareham"]
[Date "2022.11.06"]
[Round "5"]
[White "Arnold, Simon"]
[Black "Schumacher, James"]
[Result "0-1"]
[WhiteElo "1867"]
[BlackElo "1742"]
[PlyCount "36"]
[EventDate "2022.11.04"]
[EventType "swiss"]
[EventRounds "6"]
[EventCountry "ENG"]
[SourceVersionDate "2022.12.05"]

1. e4 Nf6 2. e5 Nd5 3. c4 Nb6 4. d4 d6 5. exd6 cxd6 6. Be3 g6 7. h4 h5 8. Nc3
Nc6 9. d5 Ne5 10. Qd4 Rg8 11. c5 Nbd7 12. Bb5 Bg7 13. Qe4 a6 14. Ba4 dxc5 15.
d6 e6 16. Bxc5 f5 17. Qe3 b5 18. Bb3 Nxc5 0-1

[Event "Hampshire Major"]
[Site "Fareham"]
[Date "2022.11.06"]
[Round "5"]
[White "Jones, Eric"]
[Black "Holmes, David"]
[Result "1/2-1/2"]
[WhiteElo "1703"]
[BlackElo "1786"]
[PlyCount "36"]
[EventDate "2022.11.04"]
[EventType "swiss"]
[EventRounds "6"]
[EventCountry "ENG"]
[SourceVersionDate "2022.12.05"]

1. c4 e5 2. g3 Nc6 3. Bg2 f5 4. e3 Nf6 5. Ne2 d5 6. cxd5 Nb4 7. d3 Nbxd5 8. a3
Be7 9. O-O O-O 10. Nbc3 Be6 11. Nxd5 Bxd5 12. b4 Bxg2 13. Kxg2 Qd5+ 14. Kg1
Rad8 15. d4 Ne4 16. f3 Ng5 17. Nc3 Qc4 18. Ne2 Qd5 1/2-1/2

[Event "Hampshire Major"]
[Site "Fareham"]
[Date "2022.11.06"]
[Round "5"]
[White "Crosswell, Neil"]
[Black "Morrison, Joseph"]
[Result "1/2-1/2"]
[WhiteElo "1758"]
[BlackElo "1656"]
[PlyCount "126"]
[EventDate "2022.11.04"]
[EventType "swiss"]
[EventRounds "6"]
[EventCountry "ENG"]
[SourceVersionDate "2022.12.05"]

1. d4 Nf6 2. c4 g6 3. Nc3 Bg7 4. e4 d6 5. f3 O-O 6. Be3 e5 7. d5 Ne8 8. Qd2 f5
9. Bd3 f4 10. Bf2 Nf6 11. Nge2 Nh5 12. O-O-O Na6 13. Rdf1 b6 14. Kb1 Nb4 15. a3
Nxd3 16. Qxd3 Bd7 17. Nb5 a6 18. Nbc3 Qb8 19. Na2 Qb7 20. Nec3 Rf7 21. Nb4 Rb8
22. Ka1 a5 23. Nc2 Rbf8 24. Nb5 Bf6 25. Be1 Be7 26. Bc3 Bd8 27. Rhg1 Be7 28.
Ne1 Bd8 29. Qd2 Qc8 30. Nd3 Bf6 31. Kb1 Bh8 32. Kc1 Bf6 33. Kd1 Bh8 34. Ke2 Bg7
35. Ra1 Qd8 36. Qc2 Bc8 37. b4 axb4 38. axb4 Qh4 39. Rh1 h6 40. Ra7 Ng3+ 41.
hxg3 Qxh1 42. Ne1 fxg3 43. c5 Rxf3 44. gxf3 g2 45. Nxg2 Qxg2+ 46. Kd1 Qxf3+ 47.
Qe2 Bg4 48. Qxf3 Bxf3+ 49. Kd2 Bxe4 50. cxd6 cxd6 51. Rb7 Bxd5 52. Rxb6 h5 53.
Rxd6 Bf7 54. Ke3 Rc8 55. Ke4 Rc4+ 56. Ke3 h4 57. Rd8+ Kh7 58. Rd7 Bh6+ 59. Ke2
Rf4 60. Nd6 Kg8 61. Bxe5 Rxb4 62. Rxf7 Re4+ 63. Nxe4 Kxf7 1/2-1/2

[Event "Hampshire Major"]
[Site "Fareham"]
[Date "2022.11.06"]
[Round "5"]
[White "Jackson, Lewis"]
[Black "Blanden, Edward A"]
[Result "1-0"]
[WhiteElo "1435"]
[BlackElo "1724"]
[PlyCount "59"]
[EventDate "2022.11.04"]
[EventType "swiss"]
[EventRounds "6"]
[EventCountry "ENG"]
[SourceVersionDate "2022.12.05"]

1. e4 c6 2. d4 d5 3. e5 c5 4. dxc5 e6 5. a3 Bxc5 6. b4 Bf8 7. c4 Qc7 8. Nf3
dxc4 9. Nc3 a6 10. Be3 Ne7 11. Bxc4 Nf5 12. Rc1 Nxe3 13. fxe3 Nd7 14. Bxe6 fxe6
15. Nd5 Qxc1 16. Qxc1 exd5 17. O-O Be7 18. Qc7 O-O 19. e6 Bd8 20. Qd6 Nf6 21.
e7 Bxe7 22. Qxe7 Re8 23. Qc7 Rxe3 24. Ng5 Be6 25. Rxf6 gxf6 26. Qxh7+ Kf8 27.
Nxe6+ Rxe6 28. Qh8+ Kf7 29. Qxa8 d4 30. Qxb7+ 1-0

[Event "Hampshire Major"]
[Site "Fareham"]
[Date "2022.11.06"]
[Round "5"]
[White "Edney, Richard"]
[Black "Jones, Tim"]
[Result "1-0"]
[WhiteElo "1859"]
[BlackElo "1738"]
[PlyCount "81"]
[EventDate "2022.11.04"]
[EventType "swiss"]
[EventRounds "6"]
[EventCountry "ENG"]
[SourceVersionDate "2022.12.05"]

1. d4 d5 2. c4 c6 3. Nc3 Nf6 4. Nf3 a6 5. c5 Bf5 6. e3 Nbd7 7. Bd3 Bxd3 8. Qxd3
e6 9. O-O Be7 10. b4 O-O 11. Bb2 Qc7 12. h3 Rfe8 13. a3 Nf8 14. Ne5 Ng6 15. f4
Nxe5 16. fxe5 Nd7 17. e4 f6 18. exf6 Bxf6 19. e5 Bg5 20. Qg3 Bh6 21. Bc1 Bxc1
22. Raxc1 Rf8 23. Qg4 Rae8 24. Ne2 Qd8 25. Rf4 Kh8 26. Rcf1 Qe7 27. Qh5 g6 28.
Qg4 g5 29. R4f3 Rxf3 30. Rxf3 Rf8 31. Ng3 Rxf3 32. gxf3 Nf8 33. Nh5 Ng6 34. Nf6
h6 35. Kf2 Qf7 36. Qh5 Kg7 37. Ng4 Qf5 38. Qxh6+ Kf7 39. Qh7+ Kf8 40. Nf6 Nh4
41. Qg8+ 1-0

[Event "Hampshire Major"]
[Site "Fareham"]
[Date "2022.11.06"]
[Round "5"]
[White "Dore, Alex"]
[Black "McClatchey, Rob"]
[Result "0-1"]
[WhiteElo "1700"]
[BlackElo "1838"]
[PlyCount "94"]
[EventDate "2022.11.04"]
[EventType "swiss"]
[EventRounds "6"]
[EventCountry "ENG"]
[SourceVersionDate "2022.12.05"]

1. d4 d6 2. Nc3 Nf6 3. Bf4 Nbd7 4. e4 c6 5. Nf3 Qc7 6. Qd2 Nh5 7. Be3 Nb6 8.
O-O-O Bg4 9. Be2 Nf6 10. h3 Bxf3 11. gxf3 g6 12. f4 Bg7 13. e5 Nfd5 14. Nxd5
Nxd5 15. c4 Nxe3 16. Qxe3 e6 17. Kb1 O-O 18. Rd3 Rfd8 19. Rhd1 d5 20. cxd5 Rxd5
21. Bf3 Rdd8 22. f5 exf5 23. Bg2 Re8 24. f4 Rac8 25. Qd2 Red8 26. d5 cxd5 27.
Bxd5 Kh8 28. Bb3 Rxd3 29. Qxd3 h6 30. Qd7 Kh7 31. Qxf7 Qxf7 32. Bxf7 Rc7 33. e6
Bf6 34. a3 Kg7 35. Rg1 g5 36. h4 g4 37. h5 Be7 38. Rd1 Kf6 39. Rd4 b6 40. b4 a5
41. bxa5 bxa5 42. a4 Bb4 43. Rd8 Rc4 44. Rg8 Rxf4 45. Rg6+ Ke7 46. Rxh6 g3 47.
Rg6 Rg4 0-1

[Event "Hampshire Major"]
[Site "Fareham"]
[Date "2022.11.06"]
[Round "5"]
[White "Wilcock, Peter"]
[Black "Ferreira, Erico"]
[Result "0-1"]
[WhiteElo "1789"]
[BlackElo "1592"]
[PlyCount "114"]
[EventDate "2022.11.04"]
[EventType "swiss"]
[EventRounds "6"]
[EventCountry "ENG"]
[SourceVersionDate "2022.12.05"]

1. d4 c5 2. d5 Nf6 3. Nc3 g6 4. e4 d6 5. Nf3 Bg7 6. Bd3 Nbd7 7. Bd2 Ng4 8. O-O
O-O 9. h3 Nge5 10. Nxe5 Nxe5 11. Be2 a6 12. f4 Nd7 13. a4 Rb8 14. Bd3 Qc7 15.
b3 b6 16. Rb1 Nf6 17. Ne2 b5 18. axb5 axb5 19. Ng3 Bd7 20. c4 b4 21. Qe2 Bc8
22. Rbe1 Nd7 23. Bc1 Ra8 24. Bb2 Ra2 25. Rb1 Bb7 26. Rf2 Bd4 27. Kh2 h5 28.
Rff1 Rfa8 29. Qc2 Qa5 30. Qc1 Rxb2 31. Rxb2 Bxb2 32. Qxb2 Qa2 33. Rf2 Qxb2 34.
Rxb2 Kg7 35. h4 f6 36. Re2 Ra3 37. Rb2 Bc8 38. f5 Ne5 39. Be2 Bd7 40. fxg6 Ng4+
41. Bxg4 Bxg4 42. Nf5+ Kxg6 43. Ne3 Bd7 44. Nf1 Ra1 45. Nd2 Re1 46. Kg3 Re2 47.
Kh2 Bg4 48. Kg1 f5 49. exf5+ Kxf5 50. Kf1 Kf4 51. Kg1 Ke3 52. Nf1+ Kd3 53. Rb1
Kc2 54. Ra1 Kxb3 55. Ng3 Re5 56. Nf1 Kb2 57. Ra7 b3 0-1

[Event "Hampshire Major"]
[Site "Fareham"]
[Date "2022.11.06"]
[Round "5"]
[White "Horlock, Peter"]
[Black "Walters, Philip"]
[Result "0-1"]
[WhiteElo "1677"]
[BlackElo "1736"]
[PlyCount "98"]
[EventDate "2022.11.04"]
[EventType "swiss"]
[EventRounds "6"]
[EventCountry "ENG"]
[SourceVersionDate "2022.12.05"]

1. e4 e5 2. Nf3 Nf6 3. Nc3 Nc6 4. Bc4 Nxe4 5. Bxf7+ Kxf7 6. Nxe4 d5 7. Neg5+
Kg8 8. d3 h6 9. Nh3 Bd6 10. c3 Kh7 11. Be3 Rf8 12. Nhg1 Qf6 13. h4 Kg8 14. Qc2
Be6 15. Nh3 d4 16. Bd2 b5 17. Nhg5 hxg5 18. hxg5 Qf5 19. O-O-O dxc3 20. Bxc3 b4
21. Bd2 Nd4 22. Nxd4 exd4 23. f3 Qc5 24. Qxc5 Bxc5 25. g4 g6 26. Rde1 Bd7 27.
Rh6 Kg7 28. Bf4 Rxf4 29. Reh1 Kf7 30. Rh7+ Ke6 31. Rg7 Rff8 32. Rxg6+ Kd5 33.
Rh7 Be6 34. Rf6 Bd6 35. Rhh6 Bf4+ 36. Kc2 Bxg5 37. Rxe6 Bxh6 38. Rxh6 Rh8 39.
Rf6 Rh2+ 40. Kb3 a5 41. Rf5+ Ke6 42. f4 a4+ 43. Kxb4 Rxb2+ 44. Kc4 Rxa2 45.
Re5+ Kd7 46. Rd5+ Kc8 47. Kxd4 Rg2 48. g5 a3 49. Re5 a2 0-1

[Event "Hampshire Major"]
[Site "Fareham"]
[Date "2022.11.06"]
[Round "5"]
[White "Anderson, Tom"]
[Black "Wicken, Jack"]
[Result "1/2-1/2"]
[WhiteElo "1757"]
[BlackElo "1684"]
[PlyCount "109"]
[EventDate "2022.11.04"]
[EventType "swiss"]
[EventRounds "6"]
[EventCountry "ENG"]
[SourceVersionDate "2022.12.05"]

1. d4 Nf6 2. c4 e6 3. Nf3 b6 4. a3 Bb7 5. Nc3 Be7 6. d5 exd5 7. cxd5 d6 8. e4
Nbd7 9. Bd3 O-O 10. O-O Rc8 11. Bf4 a6 12. Rc1 Re8 13. Re1 Bf8 14. Nd4 g6 15.
Bg5 Ra8 16. b4 Bg7 17. Bb1 Nf8 18. Qd2 h5 19. h3 N8h7 20. Bf4 Nd7 21. Nc6 Bxc6
22. dxc6 Ne5 23. Nd5 Nf6 24. Bg5 b5 25. Ba2 Nc4 26. Bxc4 bxc4 27. Rxc4 Re6 28.
Re3 Qc8 29. Bxf6 Bxf6 30. Rf3 Be5 31. Qg5 Kg7 32. g4 f6 33. Qe3 h4 34. Nf4 Bxf4
35. Qxf4 g5 36. Qf5 Qe8 37. Re3 Rd8 38. Qd5 Re5 39. Qd3 d5 40. Rd4 Qxc6 41.
exd5 Rxe3 42. Qxe3 Rxd5 43. Qe7+ Kg8 44. Rxd5 Qxd5 45. Qxf6 Qd1+ 46. Kg2 Qd5+
47. Qf3 Qe6 48. Qa8+ Kg7 49. Qb7 Qd6 50. a4 Kh8 51. b5 a5 52. Qc8+ Kg7 53. Qf5
Qe7 54. Qd5 Kh6 55. Qc6+ 1/2-1/2

[Event "Hampshire Major"]
[Site "Fareham"]
[Date "2022.11.06"]
[Round "5"]
[White "Deacon, Matthew"]
[Black "Morrish, John"]
[Result "0-1"]
[WhiteElo "1717"]
[BlackElo "1643"]
[PlyCount "61"]
[EventDate "2022.11.04"]
[EventType "swiss"]
[EventRounds "6"]
[EventCountry "ENG"]
[SourceVersionDate "2022.12.05"]

1. d4 Nf6 2. c4 d5 3. cxd5 Qxd5 4. Nc3 Qd8 5. e4 e5 6. dxe5 Qxd1+ 7. Nxd1 Nxe4
8. a3 Bc5 9. Be3 Bxe3 10. Nxe3 Nc6 11. Bc4 Be6 12. Nf3 O-O 13. O-O Rfe8 14.
Rfe1 Rad8 15. Rad1 Nc5 16. Bxe6 Nxe6 17. Ng4 Nf8 18. g3 Ng6 19. Rxd8 Nxd8 20.
Nd2 h5 21. Ne3 Rxe5 22. Ndc4 Re6 23. Rd1 Nc6 24. Nd5 h4 25. Nxc7 Re2 26. Nb5 a6
27. Nc3 Rc2 28. Ne3 Rxb2 29. Rd7 Nge5 30. Rc7 h3 31. Ne4 0-1